• 首页
  • 本馆介绍
  • 公告通知
  • 最新文献
  • 馆藏检索
  • 电子资源
  • 读者导购
  • 参考咨询
  • 我的图书馆
  • 登录
  • 详细信息显示
  • 放入我的书架
  • 预约/预借图书
  • 作者相关作品
  • 分类相关作品
  • 丛书相关作品
  • 出版社相关作品

书目信息

  • 表格格式
  • 工作单格式
  • 卡片格式
题名:
旅游规划
    
 
作者: 因斯克普 著 ;张凌云 译
分册:  
出版信息: 北京   旅游教育出版社  2004
页数: 458页
开本: 23cm
丛书名: 旅游管理译丛
单 册:
中图分类: F590.1
科图分类:
主题词: 旅游经济--经济规划 , 旅游经济 , 经济规划
电子资源:
ISBN: 7-5637-1205-4
000 01063oam2 2200313 450
001 002745564
005 20091230084337.68
010    @a7-5637-1205-4@dCNY49.00
100    @a20040802d2004 em y0chiy0110 ea
101 1  @achi@ceng
102    @aCN@b110000
105    @aa z 000yy
106    @ar
200 1  @a旅游规划@9lv you gui hua@e一种综合性的可持续的开发方法@f(美)爱德华·因斯克普(Edward Inskeep)著@g张凌云译
210    @a北京@c旅游教育出版社@d2004
215    @a458页@c照片,图@d23cm
225 2  @a旅游管理译丛
308    @a丛书第二辑
330    @a本书力求提供涉及世界各地发达和不发达地区的案例,介绍对目的地社会需求负责任的、综合性的、可持续性、符合旅游开发规划要求和方法与原则。
461  0 @12001 @a旅游管理译丛
510 1  @aTourism Planning@zeng
606 0  @a旅游经济@x经济规划
606 0  @a旅游经济
606 0  @a经济规划
690    @aF590.1@v4
701  0 @c(美)@a因斯克普@9yin si ke pu@c(Inskeep, Edward)@4著
702  0 @a张凌云@9zhang ling yun@c(旅游学)@4译
801  0 @aCN@bNLC@c20091230
905    @b20798599-604@dF590.1@e284@f6
    
    旅游规划:一种综合性的可持续的开发方法/(美)爱德华·因斯克普(Edward Inskeep)著/张凌云译.-北京:旅游教育出版社,2004
    458页:照片,图;23cm.-(旅游管理译丛)
    
    
    ISBN 7-5637-1205-4:CNY49.00
    本书力求提供涉及世界各地发达和不发达地区的案例,介绍对目的地社会需求负责任的、综合性的、可持续性、符合旅游开发规划要求和方法与原则。
●
相关链接 在E读中查询图书 在五车中查询图书 在当当中查询图书 在豆瓣中查询图书


正题名:旅游规划     索取号:F590.1/284         预约/预借

序号 登录号 条形码 馆藏地/架位号 状态 备注
1 798599   207985992   第一样本阅览室/ [索取号:F590.1/284] 在馆    
2 798600   207986009   第一借阅区/ [索取号:F590.1/284] 在馆    
3 798601   207986018   第一借阅区/ [索取号:F590.1/284] 在馆    
4 798602   207986027   第一借阅区/ [索取号:F590.1/284] 在馆    
5 798603   207986036   第一借阅区/ [索取号:F590.1/284] 在馆    
6 798604   207986045   第一借阅区/ [索取号:F590.1/284] 在馆    
唐山师范学院图书馆 欢迎您!
大连网信软件有限公司© 版权所有